000 00492nam a22001577a 4500
005 20251027195310.0
008 251027b |||||||| |||| 00| 0 eng d
020 _a9780803603332
050 _aRT41
_b.W576
100 _aWilliams, Linda S.
245 _aInstructor's Guide for Understanding Medical Surgical Nursing
_cLinda S. Williams & Paula D. Hopper
260 _aPhiladelphia
_bF. A. Davis Company
_c1999
300 _avii. 263p.
_c27cm
700 _aHopper, Paula D.
942 _2lcc
_cBK
_n0
999 _c7832
_d7832